[Event "37th Zalakaros Festival 2018"]
[Site "Zalakaros"]
[Date "2018.05.28"]
[Round "4"]
[White "Hardicsay, Peter"]
[Black "Srinath, Rao S V"]
[Result "1/2-1/2"]
[WhiteElo "2211"]
[BlackElo "2363"]
[Annotator "NA"]
[PlyCount "88"]
[EventDate "2018.??.??"]
[EventType "swiss"]
[EventCountry "HUN"]
[SourceTitle "playchess.com"]
[Source "ChessBase"]
[SourceQuality "1"]
[TimeControl "40/5400+30:1800+30"]

1. e4 {[%emt 0:00:03]} e6 {[%emt 0:07:19]} 2. Nf3 {[%emt 0:00:01]} d5 {[%emt 0:00:07]} 3. Nc3 {[%emt 0:00:10]} Nf6 {[%emt 0:01:13]} 4. e5 {[%emt 0:01:14]} Nfd7 {[%emt 0:00:06]} 5. d4 {[%emt 0:00:14]} c5 {[%emt 0:00:01]} 6. dxc5 {[%emt 0:00:16]} Nc6 {[%emt 0:00:04]} 7. Bf4 {[%emt 0:00:31]} Nxc5 {[%emt 0:00:35]} 8. Bd3 {[%emt 0:10:33]} Be7 {[%emt 0:00:25]} 9. h4 {[%emt 0:07:18]} h6 {[%emt 0:00:42]} 10. a3 {[%emt 0:04:03]} a6 {[%emt 0:03:35]} 11. h5 {[%emt 0:05:34]} b5 {[%emt 0:00:12]} 12. Rh3 {[%emt 0:01:12]} b4 {[%emt 0:01:31]} 13. Ne2 {[%emt 0:14:43]} Na4 {[%emt 0:02:52]} 14. Qc1 {[%emt 0:03:36]} Bd7 {[%emt 0:05:10]} 15. Rg3 {[%emt 0:05:25]} Kf8 {[%emt 0:01:30]} 16. Kf1 {[%emt 0:07:01]} Qb6 {[%emt 0:03:01]} 17. Be3 {[%emt 0:04:16]} Qc7 {[%emt 0:01:49]} 18. Bf4 {[%emt 0:05:36]} bxa3 {[%emt 0:02:51]} 19. bxa3 {[%emt 0:00:12]} Na5 {[%emt 0:06:07]} 20. Nfd4 {[%emt 0:04:28]} Nc4 {[%emt 0:00:56]} 21. Nf5 {[%emt 0:03:15]} exf5 {[%emt 0:03:14]} 22. e6 {[%emt 0:00:46]} Qc8 {[%emt 0:02:51]} 23. exd7 {[%emt 0:02:59]} Qxd7 {[%emt 0:00:03]} 24. Nd4 {[%emt 0:00:09]} Bf6 {[%emt 0:01:36]} 25. Bxf5 {[%emt 0:01:17]} Qa7 {[%emt 0:01:47]} 26. Nb3 {[%emt 0:09:34]} Re8 {[%emt 0:01:30]} 27. Bd3 {[%emt 0:02:49]} Qe7 {[%emt 0:03:02]} 28. Be3 {[%emt 0:02:55]} Bxa1 {[%emt 0:03:03]} 29. Qxa1 {[%emt 0:00:10]} Nxe3+ {[%emt 0:00:13]} 30. Rxe3 {[%emt 0:00:16]} Qf6 {[%emt 0:04:57]} 31. Rxe8+ {[%emt 0:02:24]} Kxe8 {[%emt 0:00:04]} 32. Qe1+ {[%emt 0:00:15]} Kd8 {[%emt 0:01:16]} 33. Qa5+ {[%emt 0:00:10]} Nb6 {[%emt 0:00:03]} 34. Qxa6 {[%emt 0:00:48]} Re8 {[%emt 0:01:06]} 35. Qa7 {[%emt 0:00:43]} Re6 {[%emt 0:02:10]} 36. Qb8+ {[%emt 0:01:12]} Nc8 {[%emt 0:00:15]} 37. Qb5 {[%emt 0:01:05]} Qe5 {[%emt 0:07:11]} 38. Kg1 {[%emt 0:00:21]} Qxh5 {[%emt 0:02:19]} 39. Nc5 {[%emt 0:00:21]} Rd6 {[%emt 0:06:26]} 40. Nb7+ {[%emt 0:00:00]} Ke7 {[%emt 0:00:05]} 41. Qc5 {[%emt 0:10:53]} Qd1+ {[%emt 0:03:28]} 42. Kh2 {[%emt 0:01:45]} Qh5+ {[%emt 0:00:03]} 43. Kg1 {[%emt 0:00:11]} Qd1+ {[%emt 0:00:02]} 44. Kh2 {[%emt 0:01:14]} Qh5+ {[%emt 0:00:04]} 1/2-1/2

[Event "37th Zalakaros Festival 2018"]
[Site "Zalakaros"]
[Date "2018.05.28"]
[Round "4"]
[White "Biro, Sandor"]
[Black "Fancsy, Imre"]
[Result "1/2-1/2"]
[WhiteElo "2191"]
[BlackElo "2388"]
[Annotator "ChessBase"]
[PlyCount "116"]
[EventDate "2018.??.??"]
[EventType "swiss"]
[EventCountry "HUN"]
[SourceTitle "playchess.com"]
[Source "ChessBase"]
[SourceQuality "1"]
[TimeControl "40/5400+30:1800+30"]

1. e4 {[%emt 0:00:04]} c5 {[%emt 0:08:19]} 2. Nf3 {[%emt 0:00:38]} e6 {[%emt 0:00:22]} 3. c3 {[%emt 0:00:07]} Nf6 {[%emt 0:00:52]} 4. e5 {[%emt 0:00:07]} Nd5 {[%emt 0:00:07]} 5. d4 {[%emt 0:00:08]} cxd4 {[%emt 0:00:11]} 6. cxd4 {[%emt 0:00:08]} d6 {[%emt 0:01:36]} 7. a3 {[%emt 0:00:21]} Bd7 {[%emt 0:00:27]} 8. Bd3 {[%emt 0:00:07]} Bc6 {[%emt 0:00:29]} 9. O-O {[%emt 0:00:12]} Nd7 {[%emt 0:00:16]} 10. Qe2 {[%emt 0:01:13]} Rc8 {[%emt 0:03:10]} 11. Re1 {[%emt 0:19:09]} Be7 {[%emt 0:01:55]} 12. Bd2 {[%emt 0:05:26]} dxe5 {[%emt 0:00:49]} 13. dxe5 {[%emt 0:02:22]} Nc5 {[%emt 0:00:33]} 14. Bc2 {[%emt 0:01:45]} Qb6 {[%emt 0:00:14]} 15. Nc3 {[%emt 0:05:00]} Qxb2 {[%emt 0:02:42]} 16. Nxd5 {[%emt 0:00:34]} Bxd5 {[%emt 0:00:21]} 17. Be3 {[%emt 0:11:19]} Bxf3 {[%emt 0:19:22]} 18. gxf3 {[%emt 0:02:07]} Qxe5 {[%emt 0:02:59]} 19. f4 {[%emt 0:07:22]} Qc7 {[%emt 0:29:07]} 20. Rac1 {[%emt 0:13:19]} O-O {[%emt 0:03:26]} 21. f5 {[%emt 0:11:40]} exf5 {[%emt 0:16:26]} 22. Bxf5 {[%emt 0:00:55]} Rcd8 {[%emt 0:00:27]} 23. Qg4 {[%emt 0:02:54]} g6 {[%emt 0:02:04]} 24. Bh6 {[%emt 0:05:54]} Rfe8 {[%emt 0:00:29]} 25. h4 {[%emt 0:00:25]} Rd5 {[%emt 0:01:38]} 26. Be6 {[%emt 0:02:14]} Re5 {[%emt 0:02:46]} 27. Bc4 {[%emt 0:04:57]} Bf6 {[%emt 0:00:36]} 28. Rxe5 {[%emt 0:00:35]} Qxe5 {[%emt 0:00:02]} 29. Rd1 {[%emt 0:02:25]} Qe4 {[%emt 0:01:26]} 30. Qxe4 {[%emt 0:00:44]} Rxe4 {[%emt 0:00:05]} 31. Bd5 {[%emt 0:00:12]} Rxh4 {[%emt 0:00:20]} 32. Be3 {[%emt 0:00:08]} b6 {[%emt 0:00:19]} 33. f4 {[%emt 0:00:45]} Rh3 {[%emt 0:00:57]} 34. Kf2 {[%emt 0:00:27]} Bh4+ {[%emt 0:00:20]} 35. Ke2 {[%emt 0:00:12]} Rh2+ {[%emt 0:00:25]} 36. Kf3 {[%emt 0:00:07]} Rh3+ {[%emt 0:00:48]} 37. Ke2 {[%emt 0:00:07]} Rh2+ {[%emt 0:00:02]} 38. Kf3 {[%emt 0:00:18]} Rc2 {[%emt 0:00:28]} 39. Bd4 {[%emt 0:00:45]} Ne6 {[%emt 0:00:52]} 40. Be5 {[%emt 0:00:00]} Be7 {[%emt 0:00:56]} 41. Bxe6 {[%emt 0:13:18]} fxe6 {[%emt 0:00:08]} 42. Rd7 {[%emt 0:00:04]} Bxa3 {[%emt 0:12:30]} 43. Rxa7 {[%emt 0:10:17]} Bf8 {[%emt 0:02:32]} 44. Rb7 {[%emt 0:00:06]} Rc6 {[%emt 0:01:28]} 45. Kg4 {[%emt 0:02:31]} Bd6 {[%emt 0:08:12]} 46. Kg5 {[%emt 0:01:39]} Bxe5 {[%emt 0:04:16]} 47. fxe5 {[%emt 0:00:27]} Rc1 {[%emt 0:00:32]} 48. Kf6 {[%emt 0:03:42]} Rf1+ {[%emt 0:00:03]} 49. Kxe6 {[%emt 0:00:08]} h5 {[%emt 0:00:10]} 50. Rxb6 {[%emt 0:00:47]} Kg7 {[%emt 0:00:20]} 51. Rb7+ {[%emt 0:00:59]} Kh6 {[%emt 0:00:09]} 52. Rf7 {[%emt 0:01:31]} Re1 {[%emt 0:00:12]} 53. Kf6 {[%emt 0:00:42]} h4 {[%emt 0:00:33]} 54. e6 {[%emt 0:00:17]} h3 {[%emt 0:01:31]} 55. e7 {[%emt 0:01:03]} Rf1+ {[%emt 0:03:38]} 56. Ke6 {[%emt 0:01:08]} Re1+ {[%emt 0:02:28]} 57. Kf6 {[%emt 0:00:10]} Rf1+ {[%emt 0:00:31]} 58. Ke6 {[%emt 0:00:07]} Re1+ {[%emt 0:00:38]} 1/2-1/2

[Event "37th Zalakaros Festival 2018"]
[Site "Zalakaros"]
[Date "2018.05.28"]
[Round "4"]
[White "Boguszlavszkij, Jevgenyij"]
[Black "Chakravarthi Reddy, M."]
[Result "1/2-1/2"]
[WhiteElo "2173"]
[BlackElo "2443"]
[Annotator "TA"]
[PlyCount "101"]
[EventDate "2018.??.??"]
[EventType "swiss"]
[EventCountry "HUN"]
[SourceTitle "playchess.com"]
[Source "ChessBase"]
[SourceQuality "1"]

{[%evp 17,101,-33,-10,-48,-50,-58,-64,-71,-73,-82,-93,-92,-90,-96,-93,-93,-79,-145,-153,-143,-129,-259,-268,-250,-256,-271,-283,-394,-417,-360,-101,-980,-99,-209,-157,-322,-323,-296,-163,-156,-131,-243,-234,-242,-241,-256,-256,-233,-48,-48,-48,-48,-48,-48,-48,-61,-61,-56,-56,-61,-61,-61,-61,-61,-56,-67,-67,-67,-67,-67,-67,-67,-67,-67,-43,-58,-58,-58,-58,-58,-58,-81,-43,-81,0,-89]} 1. e4 e6 2. d3 d5 3. Nd2 c5 4. Ngf3 Nf6 5. g3 g6 6. Bg2 Bg7 7. O-O O-O 8. Re1 Nc6 9. Qe2 Re8 {LiveBook: 6 Games. A08: King's Indian Attack} (9... b6 10. Nf1 e5 11. exd5 Nxd5 12. Ne3 Nxe3 13. Bxe3 Bb7 14. Qd2 Re8 15. Bh6 Qd7 16. Bxg7 Kxg7 17. a3 f6 {½-½ (58) Sengupta,D (2587)-Sjugirov,S (2650) St Petersburg 2017}) 10. Nf1 h6 11. h4 e5 {Black is slightly better.} 12. exd5 Nxd5 13. Ne3 {[#]} Nf4 $1 {[%mdl 512]} 14. gxf4 $146 ({Predecessor:} 14. Qf1 Nxg2 15. Qxg2 Nd4 16. Nd2 Rb8 17. c3 Nf5 18. Nb3 b6 19. Qe4 Bb7 20. Qc4 Qd7 21. Bd2 Nxe3 22. Bxe3 Qh3 {0-1 (22) Epstein,A-Uchitel,S (2120) Moscow 1998}) 14... exf4 15. Qf1 fxe3 16. Bxe3 Bg4 17. Nh2 (17. Bxc5 $142 Qd5 18. Nh2 Qxc5 19. Nxg4) 17... Bh5 $17 18. Bxc5 Qxh4 19. Bd6 (19. Bxc6 $17 {is a better defense.} bxc6 20. Qg2) 19... Nd4 $19 ({Don't take} 19... Bxb2 20. Rxe8+ Rxe8 21. Re1 $19) 20. Bxb7 Rad8 ({Don't do} 20... Nxc2 21. Bxa8 Nxe1 22. Bc6) 21. Rxe8+ Rxe8 22. Re1 Ne2+ 23. Kh1 {and the idea f3 leaves White hopeful.} Bxb2 $2 (23... Be5 $19 {has better winning chances. ( -> ...Qxh2#)} 24. Bxe5 Rxe5) 24. Be4 $2 {[%mdl 8192]} (24. f3 $17 Qf6 25. Rxe2 Rxe2 26. Qxe2 Qxd6 27. Kg2) 24... f5 $2 (24... Rxe4 $19 {and Black stays clearly on top.} 25. f3 Bxf3+ $1 {[%mdl 512]} 26. Qxf3 Qxe1+ 27. Qf1 Qxf1+ 28. Nxf1 Ra4) 25. Bc6 (25. Bd5+ $17 Kh7 26. f3) 25... Rd8 26. Bc7 $2 (26. f3 $17 Ng3+ 27. Bxg3 Qxg3 28. c4) 26... Rc8 27. Bd5+ Kg7 (27... Kh7 $142 28. Bg3 {[#]} Qxg3 $1 {[%mdl 512]} 29. Qxe2 Bxe2 30. fxg3 Rxc2) 28. f3 Rxc7 29. Qxe2 {[#]} (29. Rxe2 $17 Bd4 30. Qb1) 29... Rxc2 $1 {[%mdl 512]} 30. Qxc2 {Qc7+ would kill now.} Qxe1+ 31. Kg2 Be5 {aiming for ...Bxh2.} 32. Nf1 Qc3 $2 (32... Kf6 $19 {And now ...f4 would win.} 33. a3 Kg5) 33. Qxc3 $15 Bxc3 {[%mdl 4096] Endgame KBB-KBN} 34. Ng3 Kf6 35. Nxh5+ gxh5 {[%cal Bg6h5,Bh5h4][%mdl 32] KB-KB} 36. f4 Bd2 37. Kg3 {[#]} h4+ $1 {[%mdl 512]} 38. Kf3 (38. Kxh4 Bxf4) 38... h3 39. Kg3 {[#]} h2 $1 {[%mdl 512]} 40. Bb7 (40. Kxh2 Bxf4+) 40... h5 (40... a5 {with more complications.} 41. Bc6 Be3 42. Bb7 Ke6 43. d4 Bd2) 41. Kxh2 Bxf4+ 42. Kh3 Be3 43. a4 a5 44. Kg3 Kg5 45. Bg2 f4+ 46. Kf3 Kf5 47. Bh3+ Ke5 48. Bd7 Kd4 49. Bf5 Kc3 50. Be4 Kd4 ({Black should try} 50... Bc1 $17) 51. Bg6 {Precision: White = 34%, Black = 51%.} (51. Bf5 $1 $11) 1/2-1/2

[Event "37th Zalakaros Festival 2018"]
[Site "Zalakaros"]
[Date "2018.05.28"]
[Round "4"]
[White "Horak, Jiri"]
[Black "Szeberenyi, Adam"]
[Result "1/2-1/2"]
[WhiteElo "2131"]
[BlackElo "2372"]
[Annotator "NA"]
[PlyCount "67"]
[EventDate "2018.??.??"]
[EventType "swiss"]
[EventCountry "HUN"]
[SourceTitle "playchess.com"]
[Source "ChessBase"]
[SourceQuality "1"]
[TimeControl "40/5400+30:1800+30"]

1. d4 {[%emt 0:00:02]} d5 {[%emt 0:00:37]} 2. c4 {[%emt 0:00:04]} e6 {[%emt 0:00:03]} 3. Nf3 {[%emt 0:00:13]} Nf6 {[%emt 0:00:07]} 4. Bg5 {[%emt 0:00:21]} Bb4+ {[%emt 0:00:04]} 5. Nc3 {[%emt 0:00:52]} Nbd7 {[%emt 0:02:14]} 6. Rc1 {[%emt 0:01:37]} O-O {[%emt 0:08:57]} 7. e3 {[%emt 0:02:23]} c5 {[%emt 0:00:30]} 8. cxd5 {[%emt 0:01:29]} exd5 {[%emt 0:00:11]} 9. Bd3 {[%emt 0:06:27]} Qa5 {[%emt 0:09:48]} 10. O-O {[%emt 0:10:37]} c4 {[%emt 0:04:19]} 11. Bb1 {[%emt 0:00:26]} Bxc3 {[%emt 0:02:39]} 12. bxc3 {[%emt 0:01:31]} Re8 {[%emt 0:00:45]} 13. Bxf6 {[%emt 0:02:19]} Nxf6 {[%emt 0:00:16]} 14. Ne5 {[%emt 0:00:47]} Ne4 {[%emt 0:14:18]} 15. Bxe4 {[%emt 0:07:36]} dxe4 {[%emt 0:00:05]} 16. Nxc4 {[%emt 0:00:24]} Qxa2 {[%emt 0:07:28]} 17. Nd6 {[%emt 0:02:05]} Re7 {[%emt 0:01:11]} 18. Ra1 {[%emt 0:00:30]} Qe6 {[%emt 0:00:40]} 19. Nxc8 {[%emt 0:07:26]} Qxc8 {[%emt 0:02:35]} 20. Qb3 {[%emt 0:00:47]} Rc7 {[%emt 0:01:40]} 21. Rfc1 {[%emt 0:04:19]} b5 {[%emt 0:08:56]} 22. Qxb5 {[%emt 0:03:10]} Rxc3 {[%emt 0:00:07]} 23. Rxc3 {[%emt 0:04:36]} Qxc3 {[%emt 0:00:04]} 24. Rb1 {[%emt 0:00:18]} Rc8 {[%emt 0:07:56]} 25. h3 {[%emt 0:03:01]} g6 {[%emt 0:03:56]} 26. Qd5 {[%emt 0:05:42]} a5 {[%emt 0:03:36]} 27. g3 {[%emt 0:08:10]} Qc2 {[%emt 0:11:59]} 28. Ra1 {[%emt 0:03:05]} a4 {[%emt 0:00:21]} 29. Qb7 {[%emt 0:01:49]} h5 {[%emt 0:02:41]} 30. Kg2 {[%emt 0:01:45]} Rc4 {[%emt 0:02:48]} 31. Qb8+ {[%emt 0:00:46]} Rc8 {[%emt 0:01:23]} 32. Qb7 {[%emt 0:01:27]} Rc4 {[%emt 0:00:40]} 33. Qb8+ {[%emt 0:03:20]} Rc8 {[%emt 0:00:16]} 34. Qb7 {[%emt 0:00:33]} 1/2-1/2

[Event "37th Zalakaros Festival 2018"]
[Site "Zalakaros"]
[Date "2018.05.28"]
[Round "4"]
[White "Kosztolanczi, Gyula"]
[Black "Krykun, Yuriy"]
[Result "1/2-1/2"]
[WhiteElo "2130"]
[BlackElo "2338"]
[Annotator "NA"]
[PlyCount "72"]
[EventDate "2018.??.??"]
[EventType "swiss"]
[EventCountry "HUN"]
[SourceTitle "playchess.com"]
[Source "ChessBase"]
[SourceQuality "1"]
[TimeControl "40/5400+30:1800+30"]

1. e4 {[%emt 0:08:23]} e5 {[%emt 0:01:13]} 2. Nf3 {[%emt 0:00:13]} Nc6 {[%emt 0:00:05]} 3. Bc4 {[%emt 0:00:12]} Bc5 {[%emt 0:00:41]} 4. c3 {[%emt 0:00:10]} Nf6 {[%emt 0:00:06]} 5. d4 {[%emt 0:00:06]} exd4 {[%emt 0:00:07]} 6. e5 {[%emt 0:00:09]} d5 {[%emt 0:00:39]} 7. Bb5 {[%emt 0:00:07]} Ne4 {[%emt 0:00:28]} 8. cxd4 {[%emt 0:00:08]} Bb6 {[%emt 0:01:07]} 9. h3 {[%emt 0:02:04]} O-O {[%emt 0:01:16]} 10. Nc3 {[%emt 0:01:20]} Ne7 {[%emt 0:08:55]} 11. Bd3 {[%emt 0:01:10]} Bf5 {[%emt 0:04:06]} 12. Qc2 {[%emt 0:03:46]} Nxc3 {[%emt 0:02:51]} 13. Bxf5 {[%emt 0:05:28]} Nxf5 {[%emt 0:03:02]} 14. bxc3 {[%emt 0:00:14]} Qd7 {[%emt 0:02:58]} 15. Ba3 {[%emt 0:16:36]} Rfc8 {[%emt 0:03:24]} 16. g4 {[%emt 0:10:47]} Ne7 {[%emt 0:01:26]} 17. O-O {[%emt 0:02:52]} Ng6 {[%emt 0:05:31]} 18. Ng5 {[%emt 0:02:05]} f6 {[%emt 0:02:00]} 19. e6 {[%emt 0:11:01]} Qc6 {[%emt 0:22:34]} 20. Nxh7 {[%emt 0:03:06]} Kxh7 {[%emt 0:09:28]} 21. Qf5 {[%emt 0:01:41]} Qe8 {[%emt 0:00:38]} 22. Qxd5 {[%emt 0:00:33]} c6 {[%emt 0:01:27]} 23. Qe4 {[%emt 0:06:20]} Rd8 {[%emt 0:06:51]} 24. h4 {[%emt 0:03:31]} Kg8 {[%emt 0:02:36]} 25. h5 {[%emt 0:00:12]} Ne7 {[%emt 0:00:57]} 26. f4 {[%emt 0:03:00]} f5 {[%emt 0:02:47]} 27. gxf5 {[%emt 0:00:45]} Rd5 {[%emt 0:00:17]} 28. f6 {[%emt 0:08:25]} gxf6 {[%emt 0:00:12]} 29. f5 {[%emt 0:00:34]} Kh7 {[%emt 0:05:12]} 30. Rf2 {[%emt 0:01:33]} Rad8 {[%emt 0:02:36]} 31. Raf1 {[%emt 0:00:30]} Rxd4 {[%emt 0:06:47]} 32. cxd4 {[%emt 0:00:25]} Rxd4 {[%emt 0:00:00]} 33. Qf3 {[%emt 0:03:40]} Rh4 {[%emt 0:02:11]} 34. Bxe7 {[%emt 0:02:42]} Qg8+ {[%emt 0:02:01]} 35. Qg2 {[%emt 0:00:10]} Rg4 {[%emt 0:00:03]} 36. Kh1 {[%emt 0:01:02]} Qg5 {[%emt 0:01:23]} 1/2-1/2

[Event "37th Zalakaros Festival 2018"]
[Site "Zalakaros"]
[Date "2018.05.28"]
[Round "4"]
[White "Gombocz, Ferenc Jr"]
[Black "Papp, Gellert"]
[Result "1-0"]
[WhiteElo "2077"]
[BlackElo "2325"]
[Annotator "NA"]
[PlyCount "53"]
[EventDate "2018.??.??"]
[EventType "swiss"]
[EventCountry "HUN"]
[SourceTitle "playchess.com"]
[Source "ChessBase"]
[SourceQuality "1"]
[TimeControl "40/5400+30:1800+30"]

1. c4 {[%emt 0:00:04]} Nf6 {[%emt 0:08:12]} 2. g3 {[%emt 0:00:54]} g6 {[%emt 0:00:11]} 3. Bg2 {[%emt 0:00:05]} Bg7 {[%emt 0:00:06]} 4. Nc3 {[%emt 0:00:09]} O-O {[%emt 0:00:16]} 5. e4 {[%emt 0:00:14]} c5 {[%emt 0:00:29]} 6. Nge2 {[%emt 0:00:24]} Nc6 {[%emt 0:00:19]} 7. O-O {[%emt 0:00:17]} d6 {[%emt 0:00:19]} 8. d3 {[%emt 0:00:08]} a6 {[%emt 0:00:35]} 9. h3 {[%emt 0:01:10]} Rb8 {[%emt 0:00:21]} 10. Be3 {[%emt 0:00:44]} b5 {[%emt 0:02:56]} 11. cxb5 {[%emt 0:01:25]} axb5 {[%emt 0:00:03]} 12. d4 {[%emt 0:00:23]} Nd7 {[%emt 0:05:03]} 13. Rc1 {[%emt 0:17:54]} b4 {[%emt 0:10:37]} 14. Nd5 {[%emt 0:02:54]} e6 {[%emt 0:06:37]} 15. dxc5 {[%emt 0:07:06]} Nxc5 {[%emt 0:05:35]} 16. Bxc5 {[%emt 0:03:01]} dxc5 {[%emt 0:02:15]} 17. Ne3 {[%emt 0:04:04]} Bxb2 {[%emt 0:05:29]} 18. Rxc5 {[%emt 0:02:17]} Nd4 {[%emt 0:00:26]} 19. Nxd4 {[%emt 0:11:27]} Bxd4 {[%emt 0:00:36]} 20. Rc4 {[%emt 0:00:34]} Bc3 {[%emt 0:10:03]} 21. Qc2 {[%emt 0:03:16]} Ba6 {[%emt 0:03:49]} 22. Rd1 {[%emt 0:02:07]} Qa5 {[%emt 0:02:16]} 23. Rc6 {[%emt 0:01:14]} Ra8 {[%emt 0:13:31]} 24. e5 {[%emt 0:04:08]} Qxe5 {[%emt 0:03:26]} 25. Ng4 {[%emt 0:01:43]} Qe2 {[%emt 0:04:44]} 26. Qb3 {[%emt 0:01:43]} Ra7 {[%emt 0:06:14]} 27. Bf1 {[%emt 0:01:01]} 1-0

[Event "37th Zalakaros Festival 2018"]
[Site "Zalakaros"]
[Date "2018.05.28"]
[Round "4"]
[White "Joo, Janos"]
[Black "Vegh, Endre"]
[Result "1/2-1/2"]
[WhiteElo "2071"]
[BlackElo "2264"]
[Annotator "NA"]
[PlyCount "135"]
[EventDate "2018.??.??"]
[EventType "swiss"]
[EventCountry "HUN"]
[SourceTitle "playchess.com"]
[Source "ChessBase"]
[SourceQuality "1"]
[TimeControl "40/5400+30:1800+30"]

1. e4 {[%emt 0:00:21]} d6 {[%emt 0:06:06]} 2. d4 {[%emt 0:00:11]} Nf6 {[%emt 0:01:30]} 3. Nc3 {[%emt 0:00:10]} c6 {[%emt 0:01:41]} 4. f4 {[%emt 0:00:59]} Qa5 {[%emt 0:01:07]} 5. Bd3 {[%emt 0:00:52]} e5 {[%emt 0:00:28]} 6. Nf3 {[%emt 0:01:09]} Nbd7 {[%emt 0:01:51]} 7. O-O {[%emt 0:00:39]} Be7 {[%emt 0:00:29]} 8. Be3 {[%emt 0:01:45]} O-O {[%emt 0:01:59]} 9. Qe1 {[%emt 0:01:13]} Qc7 {[%emt 0:00:38]} 10. Kh1 {[%emt 0:00:57]} Re8 {[%emt 0:01:48]} 11. fxe5 {[%emt 0:01:50]} dxe5 {[%emt 0:00:31]} 12. dxe5 {[%emt 0:00:38]} Nxe5 {[%emt 0:00:44]} 13. Nxe5 {[%emt 0:00:16]} Qxe5 {[%emt 0:00:07]} 14. Bf4 {[%emt 0:00:27]} Qh5 {[%emt 0:01:15]} 15. e5 {[%emt 0:03:27]} Nd5 {[%emt 0:06:47]} 16. Nxd5 {[%emt 0:00:59]} cxd5 {[%emt 0:00:14]} 17. Rd1 {[%emt 0:08:51]} Bg4 {[%emt 0:07:39]} 18. Rd2 {[%emt 0:01:06]} Bg5 {[%emt 0:01:32]} 19. Rdf2 {[%emt 0:04:49]} Bh4 {[%emt 0:05:02]} 20. g3 {[%emt 0:00:02]} Bd8 {[%emt 0:01:07]} 21. Be2 {[%emt 0:03:23]} Bb6 {[%emt 0:06:13]} 22. Bxg4 {[%emt 0:01:23]} Qxg4 {[%emt 0:00:15]} 23. Qe2 {[%emt 0:06:02]} Qe6 {[%emt 0:03:52]} 24. Rg2 {[%emt 0:04:28]} f6 {[%emt 0:03:28]} 25. Re1 {[%emt 0:03:34]} g5 {[%emt 0:02:18]} 26. Bc1 {[%emt 0:03:38]} Qxe5 {[%emt 0:05:01]} 27. Qxe5 {[%emt 0:00:10]} Rxe5 {[%emt 0:00:11]} 28. Rxe5 {[%emt 0:00:15]} fxe5 {[%emt 0:00:06]} 29. Re2 {[%emt 0:00:17]} e4 {[%emt 0:01:47]} 30. Bxg5 {[%emt 0:00:08]} Re8 {[%emt 0:06:35]} 31. c3 {[%emt 0:04:56]} Kf7 {[%emt 0:01:42]} 32. Kg2 {[%emt 0:00:18]} Ke6 {[%emt 0:04:01]} 33. Bh6 {[%emt 0:05:11]} Kd6 {[%emt 0:04:42]} 34. Re1 {[%emt 0:00:23]} Kc5 {[%emt 0:04:12]} 35. Kf1 {[%emt 0:01:06]} Kc4 {[%emt 0:02:37]} 36. Ke2 {[%emt 0:00:40]} Re6 {[%emt 0:00:39]} 37. Bg7 {[%emt 0:02:07]} Re7 {[%emt 0:03:03]} 38. b3+ {[%emt 0:00:31]} Kb5 {[%emt 0:00:10]} 39. Bf6 {[%emt 0:03:21]} Rf7 {[%emt 0:00:48]} 40. Rf1 {[%emt 0:00:00]} Bc7 {[%emt 0:04:18]} 41. Rf2 {[%emt 0:03:25]} Kc6 {[%emt 0:03:10]} 42. g4 {[%emt 0:01:25]} Bxh2 {[%emt 0:02:01]} 43. Rxh2 {[%emt 0:02:34]} Rxf6 {[%emt 0:00:06]} 44. Rxh7 {[%emt 0:00:21]} Rg6 {[%emt 0:00:50]} 45. Rh4 {[%emt 0:00:40]} b5 {[%emt 0:02:27]} 46. Ke3 {[%emt 0:01:05]} Kc5 {[%emt 0:01:12]} 47. Kf4 {[%emt 0:04:02]} Rg8 {[%emt 0:02:11]} 48. Rh3 {[%emt 0:03:24]} Rf8+ {[%emt 0:03:53]} 49. Ke3 {[%emt 0:00:28]} Re8 {[%emt 0:03:03]} 50. g5 {[%emt 0:02:11]} a5 {[%emt 0:00:54]} 51. a3 {[%emt 0:02:00]} a4 {[%emt 0:01:25]} 52. bxa4 {[%emt 0:01:22]} bxa4 {[%emt 0:00:08]} 53. g6 {[%emt 0:00:24]} Kc4 {[%emt 0:06:11]} 54. Rh5 {[%emt 0:02:05]} Rg8 {[%emt 0:01:52]} 55. Rg5 {[%emt 0:00:54]} Kxc3 {[%emt 0:00:56]} 56. Rxd5 {[%emt 0:00:12]} Rxg6 {[%emt 0:00:37]} 57. Kxe4 {[%emt 0:00:25]} Kb3 {[%emt 0:00:53]} 58. Rd3+ {[%emt 0:01:50]} Kb2 {[%emt 0:00:10]} 59. Ke3 {[%emt 0:00:17]} Rb6 {[%emt 0:00:33]} 60. Kd2 {[%emt 0:03:53]} Rb3 {[%emt 0:01:02]} 61. Rd4 {[%emt 0:05:06]} Kxa3 {[%emt 0:01:22]} 62. Rc4 {[%emt 0:02:23]} Rb2+ {[%emt 0:00:52]} 63. Kc1 {[%emt 0:01:00]} Rg2 {[%emt 0:00:54]} 64. Rc3+ {[%emt 0:00:47]} Kb4 {[%emt 0:00:19]} 65. Rc2 {[%emt 0:00:30]} Rg1+ {[%emt 0:00:51]} 66. Kb2 {[%emt 0:00:37]} a3+ {[%emt 0:00:11]} 67. Ka2 {[%emt 0:00:16]} Rd1 {[%emt 0:00:18]} 68. Rg2 {[%emt 0:00:21]} 1/2-1/2

[Event "37th Zalakaros Festival 2018"]
[Site "Zalakaros"]
[Date "2018.05.28"]
[Round "4"]
[White "Virag, Balint"]
[Black "Doric, Nenad"]
[Result "0-1"]
[WhiteElo "2065"]
[BlackElo "2250"]
[Annotator "NA"]
[PlyCount "72"]
[EventDate "2018.??.??"]
[EventType "swiss"]
[EventCountry "HUN"]
[SourceTitle "playchess.com"]
[Source "ChessBase"]
[SourceQuality "1"]
[TimeControl "40/5400+30:1800+30"]

1. e4 {[%emt 0:01:01]} e5 {[%emt 0:00:55]} 2. Nf3 {[%emt 0:00:18]} Nc6 {[%emt 0:00:11]} 3. Bb5 {[%emt 0:00:11]} a6 {[%emt 0:00:24]} 4. Ba4 {[%emt 0:00:11]} Nf6 {[%emt 0:00:23]} 5. O-O {[%emt 0:00:17]} Be7 {[%emt 0:00:22]} 6. d3 {[%emt 0:00:15]} d6 {[%emt 0:03:30]} 7. Nc3 {[%emt 0:00:29]} O-O {[%emt 0:04:20]} 8. h3 {[%emt 0:01:08]} b5 {[%emt 0:01:39]} 9. Bb3 {[%emt 0:00:42]} Na5 {[%emt 0:01:37]} 10. Be3 {[%emt 0:01:23]} Bb7 {[%emt 0:05:57]} 11. Nd2 {[%emt 0:02:01]} Nxb3 {[%emt 0:01:58]} 12. axb3 {[%emt 0:00:27]} d5 {[%emt 0:05:17]} 13. Bg5 {[%emt 0:01:11]} dxe4 {[%emt 0:03:58]} 14. Ncxe4 {[%emt 0:03:55]} Nd5 {[%emt 0:06:18]} 15. Bxe7 {[%emt 0:03:57]} Qxe7 {[%emt 0:00:17]} 16. Nf3 {[%emt 0:00:38]} f5 {[%emt 0:09:30]} 17. Ned2 {[%emt 0:00:42]} Qf6 {[%emt 0:02:00]} 18. Re1 {[%emt 0:03:05]} Rae8 {[%emt 0:01:02]} 19. g3 {[%emt 0:04:38]} e4 {[%emt 0:03:11]} 20. dxe4 {[%emt 0:13:10]} fxe4 {[%emt 0:02:26]} 21. Nxe4 {[%emt 0:01:21]} Qxf3 {[%emt 0:04:39]} 22. Qxf3 {[%emt 0:00:56]} Rxf3 {[%emt 0:00:07]} 23. c4 {[%emt 0:00:22]} Ne7 {[%emt 0:02:23]} 24. Nc5 {[%emt 0:00:15]} Bc8 {[%emt 0:05:07]} 25. Nxa6 {[%emt 0:07:16]} Bxa6 {[%emt 0:01:47]} 26. Rxa6 {[%emt 0:00:03]} Kf7 {[%emt 0:03:22]} 27. cxb5 {[%emt 0:01:04]} Rxb3 {[%emt 0:00:28]} 28. Ra3 {[%emt 0:00:41]} Rxa3 {[%emt 0:03:16]} 29. bxa3 {[%emt 0:00:07]} Ra8 {[%emt 0:00:06]} 30. Rc1 {[%emt 0:01:42]} Nd5 {[%emt 0:00:43]} 31. Rc5 {[%emt 0:01:12]} Ke6 {[%emt 0:00:27]} 32. Rc6+ {[%emt 0:00:32]} Ke5 {[%emt 0:00:18]} 33. f4+ {[%emt 0:00:10]} Kd4 {[%emt 0:01:08]} 34. Kf2 {[%emt 0:00:49]} Rxa3 {[%emt 0:00:11]} 35. Rc1 {[%emt 0:00:19]} Nc3 {[%emt 0:00:49]} 36. Re1 {[%emt 0:00:20]} Ne4+ 0-1